000 00672nam a22002177a 4500
003 OSt
005 20150316104833.0
008 150209b xxu||||| |||| 00| 0 eng d
040 _cBMC
082 _a813.5
100 1 _931366
_aStone, Irving
_d1903-1989
245 1 0 _aEn busca de Troya
_cIrving Stone ; traducción de, Benigno Héctor Andrada
250 _a1ª ed., 3ª impr
260 _aBuenos Aires
_bEmecé
_c[1977]
300 _a540 p.
_c22 cm
490 _aGrandes Novelistas. La novela en el mundo actual
595 _aTraducción de:The Greek Treasure
650 2 4 _917595
_aNovela norteamericana
700 1 _930808
_aAndrada, Benigno H.‏
942 _2ddc
_cBK
999 _c18324
_d18324